| 000 | 00537nam a2200181Ia 4500 | ||
|---|---|---|---|
| 003 | OSt | ||
| 005 | 20250630103732.0 | ||
| 008 | 220923b |||||||| |||| 00| 0 tel d | ||
| 037 | _cTextual | ||
| 040 |
_aARTS _cARTS _btel |
||
| 041 |
_2tel _atel |
||
| 100 |
_aVasantha Violin Ragamo Au. _9185923 |
||
| 245 | 0 | _aKandukoori Sree Ramulu | |
| 260 |
_aHyderabad _bVisalandhra book house _c1993 |
||
| 650 | _aTELUGU POETRY | ||
| 942 |
_hO35,1x N3 _cTEXL _2CC _n0 |
||
| 999 |
_c407560 _d407560 |
||